Top 25 NBA Players Ever - Statistics

General Stats
  • This quiz has been taken 50 times
  • The average score is 14 of 25
Answer Stats
Hint16 Answer % Correct
1 Lebron James
100%
2 Michael Jordan
100%
3 Kobe Bryant
84%
7 Stephen Curry
84%
10 Larry Bird
82%
9 Magic Johnson
80%
8 Kevin Durant
73%
6 Wilt Chamberlain
73%
11 Tim Duncan
70%
13 Bill Russell
68%
20 Giannis Antetokounmpo
61%
22 Dwyane Wade
57%
23 Jerry West
57%
5 Shaq O'neal
55%
16 Dirk Nowitzki
52%
25 James Harden
52%
19 Charles Barkley
50%
17 Nikola Jokic
50%
12 Allen Iverson
39%
15 Oscar Robertson
39%
21 Kevin Garnett
36%
4 Kareem Abdul Jabar
30%
24 Reggie Miller
30%
14 Hakeem Olajuwan
9%
18 Victor Wembenyama
2%
No matching quizzes found
Score Distribution
Percent of People with Each Score
Percentile by Number Answered
Your Score History
You have not taken this quiz